000 00518cam a2200217 4500
001 D1326
008 090401t1981 xxu||||| |||| 00| 0 eng d
035 _a(Sirsi) u63451
041 _aeng
050 _a333.332
100 _aBaum, Andrew
245 4 _aThe income approach to property valuation
250 _a2nd
260 _aLondon
_bRoutledge and Kegan Paul
_c1981
300 _axii. 216p. 21cm
350 _a4.95
520 _aShelf 305
700 _aMackmin, David
942 _n0
948 _c04/03/1997
999 _c94564
_d94564